World crop protection / (Record no. 66870)
[ view plain ]
| 000 -LEADER | |
|---|---|
| fixed length control field | 00814nam a2200265 a 4500 |
| 001 - CONTROL NUMBER | |
| control field | 66870 |
| 003 - CONTROL NUMBER IDENTIFIER | |
| rucl marc code | BD-RjUL |
| 005 - DATE AND TIME OF LATEST TRANSACTION | |
| control field | 20211209081603.0 |
| 008 - FIXED-LENGTH DATA ELEMENTS--GENERAL INFORMATION | |
| fixed length control field | 720630s1969 ohua b 001 0 eng |
| 035 ## - SYSTEM CONTROL NUMBER | |
| System control number | (BD-RjUL)67001 |
| 040 ## - CATALOGING SOURCE | |
| Original cataloging agency | DLC |
| Transcribing agency | DLC |
| Modifying agency | DLC |
| -- | BD-RjUL |
| Language of cataloging | eng |
| 041 ## - LANGUAGE CODE | |
| Language code of text/sound track or separate title | eng |
| 082 00 - DEWEY DECIMAL CLASSIFICATION NUMBER | |
| Edition number | 23 |
| Classification number | 632 |
| Author mark and year | STW 1969 |
| 100 1# - MAIN ENTRY--PERSONAL NAME | |
| Personal name | Stapley, J. H. |
| 9 (RLIN) | 198006 |
| 245 10 - TITLE STATEMENT | |
| Title | World crop protection / |
| Statement of responsibility, etc. | J H Stapley and F C H Gayne ; With foreword by Lee Ling. |
| 260 ## - PUBLICATION, DISTRIBUTION, ETC. (IMPRINT) | |
| Place of publication, distribution, etc. | London : |
| Name of publisher, distributor, etc. | Iliffe Books LTD, |
| Date of publication, distribution, etc. | 1969 |
| 300 ## - PHYSICAL DESCRIPTION | |
| Pagination | v. : |
| Illustrations | ill. ; |
| Size | 26 cm. |
| 504 ## - BIBLIOGRAPHY, ETC. NOTE | |
| Bibliography, etc | Includes bibliography and index |
| 505 0# - FORMATTED CONTENTS NOTE | |
| Formatted contents note | V. 1. Pests and diseases -- |
| 650 #0 - SUBJECT ADDED ENTRY--TOPICAL TERM | |
| Topical term or geographic name as entry element | Plant diseases. |
| 9 (RLIN) | 198007 |
| Topical term or geographic name as entry element | Pesticides. |
| 9 (RLIN) | 198008 |
| 700 1# - ADDED ENTRY--PERSONAL NAME | |
| Personal name | Gayner, F. C. H., |
| Relator term | joint author. |
| Personal name | Ling, Lee |
| 942 ## - ADDED ENTRY ELEMENTS (KOHA) | |
| Source of classification or shelving scheme | Dewey Decimal Classification |
| Koha item type | Books |
| Lost status | Source of classification or shelving scheme | Damaged status | Not for loan | Collection code | Permanent Location | Current Location | Shelving location | Date acquired | Source of acquisition | Cost, normal purchase price | Total Checkouts | Full call number | Date last seen | Copy number | Koha item type |
|---|---|---|---|---|---|---|---|---|---|---|---|---|---|---|---|
| Dewey Decimal Classification | Not For Loan | Non-fiction | Central Library, University of Rajshahi | Central Library, University of Rajshahi | Reading Room | 03/03/1973 | Blackwells | 5.00 | 632.6 STW V-1 1969 | 20/03/2017 | C-1 | Books |